|
|
|
|
| LEADER |
01092nam a2200265 a 4500 |
| 001 |
3432 |
| 003 |
BD-DhAAL |
| 005 |
20150308125332.0 |
| 008 |
150308s1994 nyu 001 0 eng |
| 010 |
|
|
|a 93034342
|
| 020 |
|
|
|a 0471008362 (cloth : alk. paper) :
|c $22.95
|
| 040 |
|
|
|a DLC
|c DLC
|d DLC
|d BD-DhAAL
|
| 050 |
0 |
0 |
|a HD70.U5
|b R45 1994
|
| 082 |
0 |
0 |
|a 658
|2 20
|
| 100 |
1 |
|
|a Rehfeld, John E.,
|d 1940-
|9 9224
|
| 245 |
1 |
0 |
|a Alchemy of a leader :
|b combining Western and Japanese management skills to transform your company /
|c John E. Rehfeld.
|
| 260 |
|
|
|a New York :
|b J. Wiley,
|c c1994.
|
| 300 |
|
|
|a xi, 251 p. ;
|c 24 cm.
|
| 500 |
|
|
|a Includes index.
|
| 541 |
|
|
|e 3432
|
| 650 |
|
0 |
|a Industrial management.
|9 9225
|
| 942 |
|
|
|2 ddc
|c BK
|
| 999 |
|
|
|c 33929
|d 33929
|
| 952 |
|
|
|0 0
|1 0
|2 ddc
|4 0
|6 658_000000000000000_REH
|7 0
|9 53312
|a SCL
|b SCL
|c GEN
|d 2015-03-26
|e Gift: The Asia Foundation
|l 0
|o 658 REH
|p 3020003432
|r 2015-03-26
|t 3
|w 2015-03-26
|y BK
|
| 952 |
|
|
|0 0
|1 0
|2 ddc
|4 0
|6 658_000000000000000_REH
|7 0
|9 53313
|a SCL
|b SCL
|c GEN
|d 2015-03-26
|e Gift: The Asia Foundation
|l 0
|o 658 REH
|p 3020002969
|r 2015-03-26
|t 4
|w 2015-03-26
|y BK
|